Angola : EIU country profile 2001/2002.
| Format: | Book |
|---|---|
| Published: |
[London]:
The Economist Intelligence Unit,
2001.
|
| Subjects: |
| LEADER | 00451cam a2200145 7i4500 | ||
|---|---|---|---|
| 001 | 0000010662 | ||
| 005 | 20020426090000.0 | ||
| 090 | 0 | 0 | |a ANGL 330.9 |b ANG |
| 245 | 0 | 0 | |a Angola : |b EIU country profile 2001/2002. |
| 260 | 0 | 0 | |a [London]: |b The Economist Intelligence Unit, |c 2001. |
| 300 | # | # | |a 45 p. |
| 650 | 0 | 0 | |a Economic conditions -- |z Angola |
| 650 | 0 | 0 | |a Angola -- |x Country profile |
| 651 | 0 | 0 | |a Angola |
| 999 | |a B000013114 |b Book |c Countries |e Business Information Centre | ||